Everybody's normal till you get to know them / (Record no. 31156)

MARC details
000 -LEADER
fixed length control field 01335nam a2200301 a 4500
001 - CONTROL NUMBER
control field sjdsz9livm b1142658
003 - CONTROL NUMBER IDENTIFIER
control field sjds
005 - DATE AND TIME OF LATEST TRANSACTION
control field 20251115023556.0
008 - FIXED-LENGTH DATA ELEMENTS--GENERAL INFORMATION
fixed length control field 030331s2003 miu e 000 eng d
010 ## - LIBRARY OF CONGRESS CONTROL NUMBER
LC control number 02154461
020 ## - INTERNATIONAL STANDARD BOOK NUMBER
International Standard Book Number 0310228646
040 ## - CATALOGING SOURCE
Original cataloging agency LIV
Language of cataloging eng
Transcribing agency LIV
041 ## - LANGUAGE CODE
Language code of text/sound track or separate title eng
050 ## - LIBRARY OF CONGRESS CALL NUMBER
Classification number BV625
Item number .O78 2003
090 ## - LOCALLY ASSIGNED LC-TYPE CALL NUMBER (OCLC); LOCAL CALL NUMBER (OCLC)
Classification number (OCLC) (R) ; Classification number, CALL (RLIN) (NR) 248.4 ORT
100 1# - MAIN ENTRY--PERSONAL NAME
Personal name Ortberg, John.
245 10 - TITLE STATEMENT
Title Everybody's normal till you get to know them /
Statement of responsibility, etc. John Ortberg.
260 ## - PUBLICATION, DISTRIBUTION, ETC. (IMPRINT)
Place of publication, distribution, etc. Grand Rapids, MI :
Name of publisher, distributor, etc. Zondervan Publishing Company,
Date of publication, distribution, etc. 2003.
264 #1 - PRODUCTION, PUBLICATION, DISTRIBUTION, MANUFACTURE, AND COPYRIGHT NOTICE
Place of production, publication, distribution, manufacture Grand Rapids, MI :
Name of producer, publisher, distributor, manufacturer Zondervan Publishing Company,
Date of production, publication, distribution, manufacture, or copyright notice 2003.
300 ## - PHYSICAL DESCRIPTION
Extent 248 pages ;
Dimensions 23 cm.
336 ## - CONTENT TYPE
Content type term text
Content type code txt
Source rdacontent.
337 ## - MEDIA TYPE
Media type term unmediated
Media type code n
Source rdamedia.
338 ## - CARRIER TYPE
Carrier type term volume
Carrier type code nc
Source rdacarrier.
504 ## - BIBLIOGRAPHY, ETC. NOTE
Bibliography, etc Includes bibliographical references.
505 ## - FORMATTED CONTENTS NOTE
Formatted contents note The porcupine's dilemma -- The wonder of oneness -- The fellowship of the mat: true friendship -- Unveiled faces: authenticity -- Put down your stones: acceptance -- The art of reading people: empathy -- Community is worth fighting for: conflict -- Spiritual surgery: forgiveness -- The gift nobody wants: confrontation -- Breaking down barriers: inclusion -- The secret of a loving heart: gratitude -- Normal at last: heaven.
650 #0 - SUBJECT ADDED ENTRY--TOPICAL TERM
Topical term or geographic name as entry element Communities
General subdivision Religious aspects
-- Christianity.
942 ## - ADDED ENTRY ELEMENTS (KOHA)
Koha item type Libro/Book
Holdings
Withdrawn status Lost status Damaged status Not for loan Home library Current library Date acquired Inventory number Total Checkouts Full call number Barcode Date last seen Price effective from Koha item type
        San Juan Del Sur -- Biblioteca San Juan Del Sur -- Biblioteca 15/11/2025 Inventory date: 15/2/2025   REL ORT 30006061 15/11/2025 15/11/2025 Libro/Book

Powered by Koha